[Event "35. DSenEM 50+"]
[Site "Bad Wildungen"]
[Date "2023.07.17"]
[Round "1.1"]
[White "Dreke, Frank"]
[Black "Zude, Arno"]
[Result "1/2-1/2"]
[WhiteElo "1944"]
[BlackElo "2348"]
[Annotator "hugo5"]
[PlyCount "65"]
[EventDate "2023.??.??"]
[WhiteTeam "SV Mattnetz Berlin e.V."]
[BlackTeam "SV 1920 Hofheim"]

1. e4 e5 2. Nf3 Nc6 3. Bc4 Bc5 4. O-O Nf6 5. d4 Bxd4 6. Nxd4 Nxd4 7. f4 d6 8. fxe5 dxe5 9. Bg5 Qe7 10. Rf2 Be6 11. c3 Nf3+ 12. Qxf3 Bxc4 13. Na3 Be6 14. Raf1 O-O-O 15. Qe3 Ng4 16. Bxe7 Nxe3 17. Bxd8 Nxf1 18. Bg5 h6 19. Bc1 Nxh2 20. Kxh2 Bxa2 21. Kg1 a6 22. c4 f6 23. Rd2 b6 24. Kf2 Rd8 25. Ke3 Bb3 26. Rd3 Ba4 27. Bd2 h5 28. b4 Be8 29. g3 Bf7 30. c5 b5 31. Rxd8+ Kxd8 32. Nb1 c6 33. Be1 {(=)} 1/2-1/2

[Event "35. DSenEM 50+"]
[Site "Bad Wildungen"]
[Date "2023.07.17"]
[Round "1.2"]
[White "Wacker, Peter"]
[Black "Hoffmann, Michael"]
[Result "1-0"]
[WhiteElo "2285"]
[BlackElo "1942"]
[PlyCount "71"]
[EventDate "2023.??.??"]
[WhiteTeam "Klub Koelner Schachfreunde e. V."]
[BlackTeam "Gardez Robe"]

1. e4 c5 2. Nf3 Nc6 3. Bb5 e6 4. O-O Nge7 5. Re1 a6 6. Bf1 d5 7. exd5 Nxd5 8. d4 Nf6 9. Be3 Be7 10. h3 O-O 11. Nc3 cxd4 12. Nxd4 Nxd4 13. Bxd4 Bd7 14. Qe2 Bc6 15. Rad1 Qc7 16. Qe3 b5 17. Bc5 Bxc5 18. Qxc5 Qb7 19. Ne2 Rac8 20. Qe3 h6 21. a3 Rfe8 22. Nd4 Be4 23. c3 Bd5 24. g4 Ne4 25. a4 Nd6 26. Qg3 Ne4 27. Qe3 Nd6 28. axb5 axb5 29. Qg3 Ne4 30. Qd3 Ng5 31. Qxb5 e5 32. h4 Red8 33. hxg5 exd4 34. Rxd4 hxg5 35. Red1 Qxb5 36. Bxb5 1-0

[Event "35. DSenEM 50+"]
[Site "Bad Wildungen"]
[Date "2023.07.17"]
[Round "1.3"]
[White "Fabig, Holger"]
[Black "Heck, Norbert"]
[Result "1-0"]
[WhiteElo "1928"]
[BlackElo "2199"]
[PlyCount "93"]
[EventDate "2023.??.??"]
[WhiteTeam "SK Marmstorf GW Harburg"]
[BlackTeam "SF Neuberg"]

1. e4 g6 2. d4 Bg7 3. Nc3 d6 4. Be3 a6 5. a4 Nf6 6. f3 Nc6 7. Bc4 O-O 8. Nge2 e5 9. d5 Ne7 10. Qd2 Nd7 11. g4 f5 12. gxf5 gxf5 13. O-O-O f4 14. Bf2 Kh8 15. Kb1 Bf6 16. h4 Rg8 17. Rdg1 Rxg1+ 18. Nxg1 Ng8 19. Bf1 Nf8 20. Be1 Qe8 21. h5 Nh6 22. Bh4 Bxh4 23. Rxh4 Bd7 24. Rh1 b5 25. a5 Rd8 26. Qf2 c5 27. dxc6 Bxc6 28. Nd5 Bxd5 29. exd5 Nf5 30. Bd3 Qf7 31. Qb6 Ra8 32. Ne2 Nd7 33. Qc7 Rg8 34. Nc3 Ng3 35. Rh2 b4 36. Ne4 Qxd5 37. Bc4 Qd1+ 38. Ka2 b3+ 39. Bxb3 Nxe4 40. Bxg8 Kxg8 41. fxe4 Qg4 42. Rd2 Nf8 43. Rxd6 Qxh5 44. Rxa6 f3 45. Rf6 Ng6 46. Qf7+ Kh8 47. a6 1-0

[Event "35. DSenEM 50+"]
[Site "Bad Wildungen"]
[Date "2023.07.17"]
[Round "1.4"]
[White "Metz, Hartmut"]
[Black "Schmitt, Carsten"]
[Result "1-0"]
[WhiteElo "2175"]
[BlackElo "1875"]
[PlyCount "69"]
[EventDate "2023.??.??"]
[WhiteTeam "SG Rochade Kuppenheim 1979 e.V."]
[BlackTeam "SV Bergwinkel"]

1. e4 e6 2. d4 d5 3. Nc3 Nf6 4. e5 Nfd7 5. f4 c5 6. Nf3 a6 7. Be3 Qb6 8. Na4 Qa5+ 9. c3 cxd4 10. b4 Qc7 11. Qxd4 Nc6 12. Qd2 Be7 13. Bd3 b5 14. Nb2 a5 15. Bxb5 axb4 16. Nd3 Ra3 17. cxb4 Rxd3 18. Qxd3 Nxb4 19. Qb3 Nc2+ 20. Kf2 Nxa1 21. Rxa1 O-O 22. Rc1 Nc5 23. Qc2 Ne4+ 24. Kg1 Qa5 25. a4 h6 26. Nd2 Ba3 27. Ra1 Nxd2 28. Qxd2 Bb4 29. Qd3 Bb7 30. Rc1 Rc8 31. Rxc8+ Bxc8 32. Qd4 Bc5 33. Qxc5 Qe1+ 34. Bf1 Ba6 35. Qc1 1-0

[Event "35. DSenEM 50+"]
[Site "Bad Wildungen"]
[Date "2023.07.17"]
[Round "1.5"]
[White "Arndt, Olaf"]
[Black "Syre, Christian"]
[Result "0-1"]
[WhiteElo "1871"]
[BlackElo "2169"]
[PlyCount "86"]
[EventDate "2023.??.??"]
[WhiteTeam "Schachverein Horst-Emscher 31"]
[BlackTeam "SC Kreuzberg e.V."]

1. e4 d6 2. d4 Nf6 3. Nc3 g6 4. Nf3 Bg7 5. Bc4 O-O 6. O-O Nc6 7. h3 Nxe4 8. Nxe4 d5 9. Bb5 dxe4 10. Bxc6 bxc6 11. Ne5 c5 12. Be3 cxd4 13. Nc6 Qd7 14. Nxd4 Ba6 15. Re1 Rfd8 16. c3 Bd3 17. Nb3 a5 18. Qc1 a4 19. Nd4 c5 20. Ne2 Qb5 21. Nf4 Bc4 22. g3 e5 23. Ng2 Rdb8 24. a3 Bf8 25. Bg5 Bd3 26. Ne3 Qxb2 27. Nd5 Qxc1 28. Rexc1 f5 29. Nf6+ Kf7 30. Nd7 Re8 31. Be3 Ra5 32. Nxf8 Rxf8 33. c4 Ke6 34. Ra2 Rb8 35. h4 Kd6 36. Kg2 Rb6 37. Kg1 Ra8 38. Kg2 Rab8 39. Kg1 Rb1 40. Ra1 Rxa1 41. Rxa1 Rb3 42. Bh6 Bxc4 43. Rc1 Kd5 0-1

[Event "35. DSenEM 50+"]
[Site "Bad Wildungen"]
[Date "2023.07.17"]
[Round "1.6"]
[White "Schatz, Christian"]
[Black "Kozlov, Oleksandr"]
[Result "1/2-1/2"]
[WhiteElo "2168"]
[BlackElo "1850"]
[PlyCount "87"]
[EventDate "2023.??.??"]
[WhiteTeam "SC Postbauer-Heng e.V."]

1. Nf3 d5 2. d4 e6 3. g3 Nf6 4. Bg2 Be7 5. c4 O-O 6. O-O Nbd7 7. Nbd2 c6 8. Qc2 Re8 9. b3 Bd6 10. Bb2 e5 11. cxd5 cxd5 12. dxe5 Nxe5 13. Nxe5 Bxe5 14. Bxe5 Rxe5 15. Nf3 Bf5 16. Qb2 Re7 17. Rac1 Rc8 18. Nd4 Be6 19. Nxe6 fxe6 20. Bh3 Kf7 21. Qe5 Rc6 22. Rxc6 bxc6 23. Rc1 Qb6 24. e3 Nd7 25. Qf4+ Ke8 26. b4 c5 27. bxc5 Nxc5 28. Qd4 Nd7 29. Qc3 Kf7 30. Bg2 Nf6 31. h3 Qa6 32. Qc2 Qa3 33. Rb1 Qd6 34. Qc8 Qc7 35. Qa6 Ne8 36. Qd3 Nf6 37. g4 h6 38. Bf3 Qa5 39. h4 Qxa2 40. g5 hxg5 41. hxg5 Ne4 42. Bxe4 dxe4 43. Qxe4 Qd5 44. Qxd5 1/2-1/2

[Event "35. DSenEM 50+"]
[Site "Bad Wildungen"]
[Date "2023.07.17"]
[Round "1.7"]
[White "Birkholz, Axel"]
[Black "Lindam, Ingo"]
[Result "0-1"]
[WhiteElo "1843"]
[BlackElo "2136"]
[PlyCount "68"]
[EventDate "2023.??.??"]
[WhiteTeam "SR Spaichingen"]
[BlackTeam "Schachclub Hilchenbach"]

1. e4 c5 2. Nf3 e6 3. d4 cxd4 4. Nxd4 Nc6 5. Bf4 d6 6. Nxc6 bxc6 7. c4 Rb8 8. Qc2 Qf6 9. Bc1 d5 10. cxd5 exd5 11. exd5 Bb4+ 12. Nc3 Ne7 13. Bd2 O-O 14. Bd3 Qe5+ 15. Be3 Nxd5 16. Bxh7+ Kh8 17. O-O Bd6 18. g3 Nxe3 19. fxe3 f5 20. Bg6 Rf6 21. Bh5 Rh6 22. Bf3 g5 23. Rad1 Rb7 24. Bxc6 Qxe3+ 25. Rf2 Rbh7 26. Nd5 Qe5 27. Re2 Rxh2 28. Rxe5 Rxc2 29. Re8+ Kg7 30. Ne3 Rxc6 31. Rxc8 Rxc8 32. Nxf5+ Kg6 33. Nxd6 Rd8 34. Rd2 Rhd7 0-1

[Event "35. DSenEM 50+"]
[Site "Bad Wildungen"]
[Date "2023.07.17"]
[Round "1.8"]
[White "Willsch, Matthias"]
[Black "Schaefer, Lutz"]
[Result "1-0"]
[WhiteElo "2097"]
[BlackElo "1841"]
[PlyCount "61"]
[EventDate "2023.??.??"]
[WhiteTeam "Preetzer TSV"]
[BlackTeam "SV Vimbuch"]

1. d4 d6 2. Nf3 g6 3. g3 Bg7 4. Bg2 Nf6 5. O-O O-O 6. b3 a5 7. Bb2 Na6 8. c4 c6 9. Nbd2 e5 10. dxe5 Ng4 11. Qc1 Nxe5 12. Rd1 Qe7 13. Ne4 Nxc4 14. Bxg7 Kxg7 15. Qxc4 d5 16. Qd4+ f6 17. Nc3 Nb4 18. Rac1 Be6 19. Qd2 Qf7 20. Nd4 Rfd8 21. Na4 b5 22. Nc5 Bd7 23. a3 Na6 24. Nxd7 Rxd7 25. Rxc6 b4 26. a4 Nc7 27. Rdc1 Ra7 28. Bh3 Re7 29. Rxc7 Raxc7 30. Rxc7 Rxc7 31. Ne6+ 1-0

[Event "35. DSenEM 50+"]
[Site "Bad Wildungen"]
[Date "2023.07.17"]
[Round "1.9"]
[White "Herold, Hansjoerg"]
[Black "Baer, Marco"]
[Result "1/2-1/2"]
[WhiteElo "1836"]
[BlackElo "2079"]
[PlyCount "51"]
[EventDate "2023.??.??"]
[WhiteTeam "SV 23 Boeckingen"]
[BlackTeam "Schachclub Bayer Leverkusen e.V."]

1. e4 c5 2. Nf3 d6 3. Bc4 Nc6 4. O-O Nf6 5. Re1 e6 6. c3 Be7 7. Bb3 O-O 8. d4 d5 9. exd5 exd5 10. dxc5 Bxc5 11. Bg5 Be6 12. Nbd2 Qb6 13. Be3 Rad8 14. Bxc5 Qxc5 15. Qe2 Rfe8 16. Qe3 Qd6 17. Qg5 h6 18. Qh4 Qf8 19. Nd4 g5 20. Nxe6 Rxe6 21. Qg3 Rde8 22. Rxe6 Rxe6 23. h4 g4 24. Nf1 Qd6 25. Qxd6 Rxd6 26. Ne3 1/2-1/2

[Event "35. DSenEM 50+"]
[Site "Bad Wildungen"]
[Date "2023.07.17"]
[Round "1.10"]
[White "Jahn, Peter"]
[Black "Bigott, Martin"]
[Result "1/2-1/2"]
[WhiteElo "2077"]
[BlackElo "1768"]
[PlyCount "38"]
[EventDate "2023.??.??"]
[WhiteTeam "Husumer SV von 1898"]
[BlackTeam "Schachklub Koeln-Suedwest"]

1. d4 d5 2. Nf3 Nf6 3. g3 g6 4. Bg2 Bg7 5. O-O O-O 6. Bf4 Bf5 7. c3 c6 8. Nbd2 Nbd7 9. h3 h6 10. g4 Be6 11. Ne5 Nxe5 12. Bxe5 Nd7 13. Bxg7 Kxg7 14. f4 f5 15. g5 hxg5 16. fxg5 Rh8 17. Qe1 Qc7 18. e3 Rh5 19. h4 Rah8 1/2-1/2

[Event "35. DSenEM 50+"]
[Site "Bad Wildungen"]
[Date "2023.07.17"]
[Round "1.11"]
[White "Schneider, Birgit"]
[Black "Schell, Franz Juergen"]
[Result "1/2-1/2"]
[WhiteElo "1829"]
[BlackElo "2069"]
[PlyCount "65"]
[EventDate "2023.??.??"]
[WhiteTeam "SC Niefern-Oeschelbronn"]
[BlackTeam "Bramfelder SK 1947 e.V."]

1. e4 e5 2. Nf3 d6 3. Bc4 Nd7 4. O-O Be7 5. Re1 c6 6. c3 Ngf6 7. Bb3 O-O 8. d4 h6 9. h3 Qc7 10. Nbd2 Re8 11. Nf1 Nf8 12. Ng3 Be6 13. Bxe6 Nxe6 14. Nf5 Bf8 15. Qc2 Kh7 16. Bd2 g6 17. Ng3 b5 18. Rad1 c5 19. dxe5 dxe5 20. a4 a6 21. axb5 axb5 22. Ra1 c4 23. b4 Nd7 24. Be3 Bg7 25. Red1 Nf4 26. Bxf4 exf4 27. Ne2 Ne5 28. Nxe5 Bxe5 29. Rxa8 Rxa8 30. Qd2 Kg7 31. Qd5 Ra3 32. Nd4 Bxd4 33. Qxd4+ 1/2-1/2

[Event "35. DSenEM 50+"]
[Site "Bad Wildungen"]
[Date "2023.07.17"]
[Round "1.12"]
[White "von Kiedrowski, Klemens"]
[Black "Bauer, Werner"]
[Result "1-0"]
[WhiteElo "2069"]
[BlackElo "1813"]
[Annotator "hugo5"]
[PlyCount "54"]
[EventDate "2023.??.??"]
[WhiteTeam "SAbt TG 1949 Wehlheiden"]
[BlackTeam "SV Weiss-Blau Allianz Muenchen"]

1. Nc3 c5 2. Nf3 Nc6 3. d4 cxd4 4. Nxd4 g6 5. e4 Bg7 6. Be3 Nf6 7. Nxc6 bxc6 8. e5 Ng8 9. f4 f6 10. f5 fxe5 11. fxg6 d5 12. Qh5 Nf6 13. Qxe5 O-O 14. Qg3 Qa5 15. Bd2 Bf5 16. gxh7+ Bxh7 17. Bd3 Bxd3 18. Qxd3 Rab8 19. O-O Ng4 20. Rxf8+ Rxf8 21. Nd1 Qb6+ 22. Kh1 Qxb2 23. Nxb2 Nf2+ 24. Kg1 Nxd3 25. cxd3 Bd4+ 26. Kh1 Bxb2 27. Re1 Bd4 {(Zeit)} 1-0

[Event "35. DSenEM 50+"]
[Site "Bad Wildungen"]
[Date "2023.07.17"]
[Round "1.13"]
[White "Kopischke, Maik"]
[Black "Cmiel, Thorsten"]
[Result "1/2-1/2"]
[WhiteElo "1800"]
[BlackElo "2038"]
[PlyCount "59"]
[EventDate "2023.??.??"]
[WhiteTeam "SG Weissensee 49 e.V."]
[BlackTeam "Koelner Schachklub Dr.Lasker 186"]

1. Nf3 g6 2. g3 Bg7 3. c4 c5 4. Nc3 Nc6 5. Bg2 e5 6. d3 Nge7 7. O-O h6 8. Rb1 O-O 9. a3 a5 10. Ne1 d6 11. Nc2 Be6 12. b4 cxb4 13. axb4 d5 14. cxd5 Nxd5 15. Nxd5 Bxd5 16. bxa5 Bxg2 17. Kxg2 Nxa5 18. Bd2 Qd5+ 19. Kg1 Rfb8 20. Ne3 Qe6 21. Rb5 Nc6 22. Nc4 e4 23. Bf4 exd3 24. exd3 Nd4 25. Bxb8 Nxb5 26. Re1 Qxe1+ 27. Qxe1 Ra1 28. Qxa1 Bxa1 29. Bf4 h5 30. Na5 1/2-1/2

[Event "35. DSenEM 50+"]
[Site "Bad Wildungen"]
[Date "2023.07.17"]
[Round "1.14"]
[White "Balzer, Lars"]
[Black "Warnk, Torsten"]
[Result "1-0"]
[WhiteElo "2016"]
[BlackElo "1733"]
[Annotator "hugo5"]
[PlyCount "89"]
[EventDate "2023.??.??"]
[WhiteTeam "OSG Baden-Baden"]
[BlackTeam "Sges Bensheim 1931"]

{[%evp 0,48,27,20,47,36,32,17,14,1,11,-43,-13,-10,6,8,18,11,17,21,88,88,82,82,109,56,85,91,85,84,67,54,76,76,76,76,79,25,25,12,18,25,25,17,15,36,51,50,48,67,63]} 1. e4 e6 2. d4 d5 3. e5 c5 4. c3 Nc6 5. Be3 cxd4 6. cxd4 Nge7 7. Nc3 Nf5 8. Nf3 Be7 9. Bd3 f6 10. Bxf5 exf5 11. Qb3 fxe5 12. Nxe5 Nxe5 13. dxe5 Be6 14. Rd1 Kf7 15. Qxb7 Rb8 16. Qxa7 Rxb2 17. O-O Qb8 18. Rb1 Qxa7 19. Bxa7 Rc2 20. Rfc1 Rxc1+ 21. Rxc1 Rc8 22. Ne2 Ba3 23. Rxc8 Bxc8 24. f4 Ba6 25. Kf2 Bc4 26. Nd4 g6 27. Nb3 h6 28. Be3 Bb2 29. Ke1 Ba3 30. Kd2 Be7 31. Kc2 g5 32. g3 Kg6 33. a4 Kh5 34. Nd4 Kg4 35. fxg5 hxg5 36. h3+ Kxh3 37. Nxf5 Bf8 38. e6 d4 39. Nxd4 Kxg3 40. Bxg5 Bg7 41. e7 Bf7 42. Nf5+ Kg4 43. Nxg7 Kxg5 44. e8=Q Bxe8 45. Nxe8 1-0

[Event "35. DSenEM 50+"]
[Site "Bad Wildungen"]
[Date "2023.07.17"]
[Round "1.15"]
[White "Hafenstein, Andrea"]
[Black "Schneider, Michael"]
[Result "0-1"]
[WhiteElo "1799"]
[BlackElo "2025"]
[PlyCount "100"]
[EventDate "2023.??.??"]
[WhiteTeam "Rodewischer Schachmiezen"]
[BlackTeam "SC Niefern-Oeschelbronn"]

1. e4 c5 2. Nf3 Nc6 3. d4 cxd4 4. Nxd4 g6 5. c3 Bg7 6. g3 Nf6 7. Bg2 O-O 8. O-O d6 9. f3 Bd7 10. Be3 Qa5 11. Nd2 Rfc8 12. N2b3 Qd8 13. Qd2 Ne5 14. Bf2 Nc4 15. Qc2 b5 16. a3 Qc7 17. Nd2 e5 18. Ne2 d5 19. h3 Bc6 20. Nxc4 bxc4 21. Be3 Rab8 22. exd5 Nxd5 23. Bf2 Qb7 24. Rab1 Bh6 25. f4 exf4 26. Nd4 fxg3 27. Bxg3 Ne3 28. Bxc6 Rxc6 29. Qe4 Rb6 30. Qxb7 R8xb7 31. Rf2 Nd5 32. Rc2 Bg7 33. Kh2 Nxc3 34. Rxc3 Bxd4 35. Rxc4 Rxb2+ 36. Rxb2 Rxb2+ 37. Kh1 Bf6 38. Bd6 h5 39. Rc8+ Kg7 40. Bf8+ Kh7 41. Rc7 Kg8 42. Rc8 g5 43. Be7+ Kg7 44. Bf8+ Kg6 45. Rc6 Re2 46. Ra6 g4 47. hxg4 hxg4 48. Bc5 g3 49. Bxa7 Kf5 50. Bb8 Rh2+ 0-1

[Event "35. DSenEM 50+"]
[Site "Bad Wildungen"]
[Date "2023.07.17"]
[Round "1.16"]
[White "Porth, Hartmut"]
[Black "Fink, Wolfgang"]
[Result "0-1"]
[WhiteElo "1954"]
[BlackElo "1770"]
[PlyCount "74"]
[EventDate "2023.??.??"]
[WhiteTeam "SV Bargteheide"]
[BlackTeam "Fit, Step by Step e.V."]

1. e4 c5 2. d3 Nc6 3. f4 e6 4. Nf3 d5 5. Be2 Be7 6. O-O Nf6 7. e5 Nd7 8. c3 f5 9. Qe1 O-O 10. Bd1 b5 11. Kh1 a5 12. Rg1 d4 13. cxd4 Nxd4 14. Nxd4 cxd4 15. Bf3 Rb8 16. g4 Bb7 17. Qg3 g6 18. g5 Nb6 19. Nd2 a4 20. Bxb7 Rxb7 21. Nf3 b4 22. Bd2 Rc7 23. h4 Qd5 24. h5 Rc2 25. Rg2 Rxb2 26. hxg6 hxg6 27. Qh3 Rf7 28. Rh2 Rg7 29. Kg1 Rc2 30. Nh4 Rh7 31. Qg3 Kg7 32. Nxf5+ exf5 33. e6 Rxd2 34. Rxh7+ Kxh7 35. Qh3+ Kg8 36. Rc1 Qxe6 37. Qf3 Qe3+ 0-1

[Event "35. DSenEM 50+"]
[Site "Bad Wildungen"]
[Date "2023.07.17"]
[Round "1.17"]
[White "Fiedler, Wolfgang"]
[Black "Domnick, Michael"]
[Result "1/2-1/2"]
[WhiteElo "1981"]
[BlackElo "1742"]
[Annotator "hugo5"]
[PlyCount "127"]
[EventDate "2023.??.??"]
[WhiteTeam "SC Schwarz-Weiss Nuernberg Sued"]
[BlackTeam "Turnverein Witzhelden 1884 e. V."]

1. f4 d5 2. Nf3 Bf5 3. d4 c5 4. c3 Nc6 5. e3 Nf6 6. Bb5 e6 7. Qa4 Qb6 8. Ne5 Rc8 9. O-O a6 10. Bxc6+ bxc6 11. Qb3 Qc7 12. Nd2 Bd6 13. Qa4 Qb6 14. Nb3 Bc2 15. Qa5 Qxa5 16. Nxa5 Bxe5 17. fxe5 Ne4 18. Nb7 c4 19. Rf4 Rb8 20. Nd6+ Nxd6 21. exd6 f5 22. Rf2 Bd3 23. Rd2 Be4 24. Kf2 Kd7 25. b3 Kxd6 26. bxc4 dxc4 27. Ba3+ Kd7 28. Bb4 h5 29. a4 h4 30. a5 Rh6 31. Rg1 Rbh8 32. Ke1 g5 33. Rf2 Rf6 34. Kd2 Rh7 35. g3 g4 36. Kc1 Rfh6 37. Kd2 hxg3 38. hxg3 Rh2 39. Ke1 Rh1 40. Rff1 R1h2 41. Rf2 Bf3 42. Bc5 Rxf2 43. Kxf2 Rh2+ 44. Kf1 Rc2 45. Bb4 Re2 46. Bc5 Rxe3 47. Bb4 Rd3 48. Kf2 Rd2+ 49. Ke3 Re2+ 50. Kf4 Ke8 51. Kg5 {(=)} Kf7 52. Rc1 Rh2 53. Bd6 Rh8 54. Rb1 Rg8+ 55. Kf4 Kg6 56. Rb6 Ra8 57. Be5 Bd5 58. Rb7 Kh6 59. Rb8 Rxb8 60. Bxb8 Kg6 61. Bd6 Kf7 62. Ke3 Ke8 63. Bb4 Kd7 64. Kf4 1/2-1/2

[Event "35. DSenEM 50+"]
[Site "Bad Wildungen"]
[Date "2023.07.17"]
[Round "1.18"]
[White "Rehbein, Ullrich"]
[Black "Marquardt, Christian"]
[Result "0-1"]
[WhiteElo "1768"]
[BlackElo "1995"]
[PlyCount "52"]
[EventDate "2023.??.??"]
[WhiteTeam "SAbt TG 1949 Wehlheiden"]
[BlackTeam "SV 03/25 Koblenz"]

1. d4 Nf6 2. Nc3 d6 3. Nf3 Nbd7 4. e4 e5 5. Bc4 Be7 6. O-O c6 7. Re1 O-O 8. dxe5 dxe5 9. Be3 b5 10. Bd3 Ng4 11. Qe2 Nxe3 12. Qxe3 Qc7 13. a4 b4 14. Nb1 Nc5 15. Bc4 Be6 16. Nbd2 Rad8 17. Bxe6 Nxe6 18. Nb3 c5 19. Red1 c4 20. Nbd2 Nd4 21. Ne1 Bc5 22. Qh3 c3 23. bxc3 Ne2+ 24. Kf1 Nxc3 25. Nd3 Nxd1 26. Rxd1 Be7 0-1

[Event "35. DSenEM 50+"]
[Site "Bad Wildungen"]
[Date "2023.07.17"]
[Round "1.19"]
[White "Noldt, Torsten"]
[Black "Gerks, Joachim"]
[Result "1/2-1/2"]
[WhiteElo "1989"]
[BlackElo "1765"]
[PlyCount "42"]
[EventDate "2023.??.??"]
[WhiteTeam "Elmshorner SC von 1896"]
[BlackTeam "SK Norderstedt von 1975"]

1. c4 c5 2. g3 Nc6 3. Bg2 g6 4. Nc3 Bg7 5. d3 e6 6. Rb1 Nge7 7. e4 O-O 8. Nge2 b6 9. O-O Bb7 10. Be3 Nd4 11. b4 Nxe2+ 12. Nxe2 cxb4 13. Rxb4 Qc7 14. Qd2 d5 15. cxd5 exd5 16. Rc1 Qd7 17. Rbb1 dxe4 18. dxe4 Qxd2 19. Bxd2 Rfc8 20. Bf4 Rxc1+ 21. Rxc1 Rc8 1/2-1/2

[Event "35. DSenEM 50+"]
[Site "Bad Wildungen"]
[Date "2023.07.17"]
[Round "1.20"]
[White "Brixius, Dirk"]
[Black "Goeldenboog, Juergen"]
[Result "0-1"]
[WhiteElo "1748"]
[BlackElo "1984"]
[PlyCount "96"]
[EventDate "2023.??.??"]
[WhiteTeam "SF Essen-Werden 1924/80"]
[BlackTeam "Schachverein Horst-Emscher 31"]

1. c4 Nf6 2. Nc3 d5 3. cxd5 Nxd5 4. g3 e5 5. Bg2 c6 6. a3 Nxc3 7. bxc3 Bd6 8. Qc2 O-O 9. d4 Be6 10. Nf3 Nd7 11. O-O Rc8 12. e4 Qc7 13. Nh4 f6 14. Be3 Nb6 15. Nf5 Bxf5 16. Qb3+ Qf7 17. Qxf7+ Rxf7 18. exf5 exd4 19. cxd4 Nd5 20. Rfc1 Re8 21. Bxd5 cxd5 22. a4 Rd7 23. Rab1 a6 24. Rc3 Kf7 25. Kf1 Rb8 26. Ke2 Ke7 27. Rb6 Bc7 28. Re6+ Kd8 29. Kd3 Ba5 30. Bf4 Bxc3 31. Bxb8 Ba5 32. Bd6 Be1 33. f3 Ba5 34. Bf4 Bc7 35. Bd2 Re7 36. Bb4 Rd7 37. Kc3 Bb8 38. Bc5 Bc7 39. Kb4 Rf7 40. a5 g6 41. fxg6 hxg6 42. Bd6 Kd7 43. Bxc7 Kxe6 44. Bb6 g5 45. Kc5 Rh7 46. Bd8 Rxh2 47. Kb6 Kd7 48. Bxf6 Rh6 0-1

[Event "35. DSenEM 50+"]
[Site "Bad Wildungen"]
[Date "2023.07.17"]
[Round "1.21"]
[White "Papenfuss, Kai"]
[Black "Sakkal, Cherin"]
[Result "1-0"]
[WhiteElo "1726"]
[BlackElo "1967"]
[PlyCount "63"]
[EventDate "2023.??.??"]
[WhiteTeam "SV Bad Bevensen"]
[BlackTeam "SC Haar 1931"]

1. e4 e5 2. Nc3 Bc5 3. g3 Nf6 4. Bg2 O-O 5. Nge2 Nc6 6. O-O a6 7. d3 d6 8. h3 b5 9. Nd5 Nxd5 10. exd5 Ne7 11. Bg5 Bb6 12. d4 f6 13. Be3 Rb8 14. b3 Nf5 15. c4 bxc4 16. bxc4 a5 17. Rc1 Ba6 18. c5 Ba7 19. Re1 Bxe2 20. Rxe2 exd4 21. Bxd4 Nxd4 22. Qxd4 Bxc5 23. Qa4 Bb6 24. Rce1 f5 25. Re7 h6 26. Qc6 Kh7 27. Qc3 Rg8 28. Qd3 Kh8 29. Qxf5 Rf8 30. Qg6 Bxf2+ 31. Kh1 Bd4 32. Be4 1-0

[Event "35. DSenEM 50+"]
[Site "Bad Wildungen"]
[Date "2023.07.17"]
[Round "1.22"]
[White "Roettinger, Eugen"]
[Black "Lebioda-Dette, Kordula"]
[Result "1-0"]
[WhiteElo "1965"]
[BlackElo "1701"]
[PlyCount "105"]
[EventDate "2023.??.??"]
[WhiteTeam "TG Biberach 1847 e.V."]
[BlackTeam "SF Essen-Werden 1924/80"]

1. d4 d5 2. Bf4 Nf6 3. e3 g6 4. c4 e6 5. Nc3 c6 6. Nf3 Bg7 7. Be2 O-O 8. h3 Re8 9. O-O Nbd7 10. Bh2 a6 11. c5 b6 12. b4 b5 13. a4 Bb7 14. axb5 axb5 15. Qc2 h6 16. Ne5 Nxe5 17. dxe5 Nh7 18. f4 Nf8 19. Bd3 f5 20. Ne2 Qe7 21. Nd4 Rxa1 22. Rxa1 Ra8 23. Qb1 Qe8 24. Bg3 Rxa1 25. Qxa1 Qa8 26. Qxa8 Bxa8 27. Nb3 Kf7 28. Na5 Nd7 29. Be1 Nb8 30. Bc3 Bf8 31. Kf2 Be7 32. Kf3 Bd8 33. Nb3 Be7 34. Nd4 Bd8 35. g4 Be7 36. gxf5 gxf5 37. Nxf5 exf5 38. Bxf5 Na6 39. e4 dxe4+ 40. Bxe4 Bxc5 41. bxc5 Nxc5 42. Bc2 Na6 43. Bb3+ Ke7 44. Ke3 c5 45. f5 Bg2 46. h4 c4 47. Bd1 Bh3 48. f6+ Kf8 49. Ke4 Be6 50. Bd2 b4 51. Bxh6+ Kg8 52. Be2 b3 53. Bc1 1-0

[Event "35. DSenEM 50+"]
[Site "Bad Wildungen"]
[Date "2023.07.17"]
[Round "1.23"]
[White "Gaul, Karl-Heinz"]
[Black "Stern, Geoffrey"]
[Result "0-1"]
[WhiteElo "1535"]
[BlackElo "1959"]
[PlyCount "65"]
[EventDate "2023.??.??"]
[WhiteTeam "SC Schwarz-Weiss Lichtenrade e.V"]
[BlackTeam "Gambit Bonnevoie"]

1. Nf3 d5 2. d4 e6 3. Bf4 Nf6 4. e3 Bd6 5. Ne5 O-O 6. Nd2 b6 7. Bd3 c5 8. c4 cxd4 9. exd4 dxc4 10. Ndxc4 Bb4+ 11. Bd2 Bxd2+ 12. Qxd2 Bb7 13. Qf4 Nc6 14. Nxc6 Bxc6 15. Ne5 Bb7 16. O-O Rc8 17. Rfe1 Qd5 18. Nf3 Rfd8 19. Re5 Qd6 20. Qh4 Bxf3 21. gxf3 Qxd4 22. Qxd4 Rxd4 23. Ba6 Rc2 24. Be2 Rc5 25. h4 g6 26. b3 Rxh4 27. f4 Rxf4 28. Bf1 Rg4+ 29. Bg2 Nd5 30. f3 Rd4 31. Bh1 Nf4 32. Re3 Rd2 33. Re4 0-1

[Event "35. DSenEM 50+"]
[Site "Bad Wildungen"]
[Date "2023.07.17"]
[Round "1.24"]
[White "Koschetzki, Christian"]
[Black "Stolzenwald, Frank"]
[Result "1-0"]
[WhiteElo "1950"]
[BlackElo "1285"]
[PlyCount "83"]
[EventDate "2023.??.??"]
[WhiteTeam "SVG Salzgitter e.V."]
[BlackTeam "TSG Turn- und Sportgemeinschaft"]

1. c4 f5 2. Nf3 Nf6 3. d4 c6 4. Nc3 a6 5. e3 e6 6. Bd3 g6 7. O-O Be7 8. e4 O-O 9. e5 Ne8 10. Bh6 Rf7 11. Qd2 d5 12. c5 Nd7 13. Ng5 Bxg5 14. Bxg5 Qa5 15. a3 b5 16. b4 Qc7 17. Ne2 a5 18. Nf4 Nf8 19. Be2 a4 20. g3 Ra7 21. Kg2 h5 22. Bh6 Kh7 23. Nh3 Kg8 24. Ng5 Re7 25. Nf3 Ng7 26. Nh4 Bd7 27. Bg5 Rf7 28. Kh1 Be8 29. f3 Rd7 30. Rg1 Nh7 31. Be3 Qd8 32. Bf2 g5 33. Ng2 g4 34. fxg4 fxg4 35. Qh6 Qg5 36. Qxg5 Nxg5 37. Nf4 Rf7 38. Kg2 Rf8 39. Rgf1 Nf5 40. Bd3 Kg7 41. Bxf5 exf5 42. Be3 1-0

[Event "35. DSenEM 50+"]
[Site "Bad Wildungen"]
[Date "2023.07.18"]
[Round "2.1"]
[White "Marquardt, Christian"]
[Black "Wacker, Peter"]
[Result "1/2-1/2"]
[WhiteElo "1995"]
[BlackElo "2285"]
[Annotator "hugo5"]
[PlyCount "126"]
[EventDate "2023.??.??"]
[WhiteTeam "SV 03/25 Koblenz"]
[BlackTeam "Klub Koelner Schachfreunde e. V."]

1. d4 Nf6 2. Bg5 c6 3. Bxf6 gxf6 4. e3 d5 5. c4 e5 6. Nc3 dxc4 7. Bxc4 Qe7 8. Nge2 Nd7 9. Bb3 Nb6 10. Qc2 Be6 11. O-O-O Bxb3 12. Qxb3 Qb4 13. Kc2 Rc8 14. Ne4 Nd5 15. N2g3 Rg8 16. Rhg1 Qxb3+ 17. Kxb3 Be7 18. Nf5 Kd7 19. g4 Ke6 20. h3 h5 21. f3 Rcd8 22. Rc1 Bf8 23. Rcd1 Rh8 24. Rh1 b6 25. Neg3 hxg4 26. hxg4 Rg8 27. dxe5 Bc5 28. exf6 Kxf6 29. Ne4+ Ke5 30. Rh5 Nf6 31. Rxd8 Rxd8 32. Nxf6 Kxf6 33. Rh6+ Kg5 34. Rxc6 Bxe3 35. Rc7 Bc5 36. Kc3 Rf8 37. b4 Bf2 38. Nd6 Be1+ 39. Kc4 f6 40. Rxa7 Kf4 41. Rf7 Rxf7 42. Nxf7 Bh4 {(=)} 43. Kb5 Kxf3 44. Kxb6 Kxg4 45. Nd6 Bg3 46. Kc6 Bxd6 47. Kxd6 f5 48. b5 f4 49. b6 f3 50. b7 f2 51. b8=Q f1=Q 52. Qb4+ Kh3 53. Qb3+ Kh4 54. Kc5 Qf8+ 55. Kc4 Qf7+ 56. Kc3 Qf6+ 57. Kc2 Qf2+ 58. Kb1 Qe1+ 59. Kb2 Qd2+ 60. Ka3 Kg5 61. Ka4 Kf6 62. a3 Qd7+ 63. Qb5 Ke7 1/2-1/2